| 000 | 00723nam a2200193Ia 4500 | ||
|---|---|---|---|
| 008 | 151121s9999||||xx |||||||||||||| ||und|| | ||
| 082 | _a832/कृष्ण | ||
| 082 | _bHNW-37647 | ||
| 100 | _aकृष्ण कुमार-अनु।( दत्त उत्पल) | ||
| 245 | _aछायानट | ||
| 260 | _b"संभावना प्रकाशन, हापुड़ उ। प्रदेश" | ||
| 260 | _c-- | ||
| 300 | _a111 | ||
| 600 | _aकृष्ण कुमार-अनु।( दत्त उत्पल) | ||
| 630 | _aछायानट | ||
| 700 | _aकृष्ण कुमार-अनु।( दत्त उत्पल) | ||
| 730 | _aछायानट | ||
| 942 | _cBOOK | ||
| 999 |
_c1228937 _d1228934 |
||